Η ελληνική τέχνη

Αποθηκεύτηκε σε:
Λεπτομέρειες βιβλιογραφικής εγγραφής
Κύριος συγγραφέας: Maffre, Jean-Jacques
Άλλοι συγγραφείς: Τσελέντη, Ευγενία (trlf)
Μορφή: Βιβλίο
Γλώσσα:Greek
French
Δημοσίευση: Αθήνα : Δαίδαλος, 1995.
Σειρά:Τι ξέρω ; 157
Θέματα:
Ετικέτες: Προσθήκη ετικέτας
Δεν υπάρχουν, Καταχωρήστε ετικέτα πρώτοι!

MARC

LEADER 00000cam a2200000 i 4500
001 1/68491
008 990202s1995 gr | ||| |||| ||gre||
020 |a 9602270403 
035 |l 10047659  
040 |a GR-MyUa   |b gre   |e AACR2  
041 1 |a gre  |h fre 
082 7 |a 709.38   |2 (22)  
100 1 |a Maffre, Jean-Jacques. 
245 1 2 |a Η ελληνική τέχνη /   |c Jean-Jacques Maffre ; μετάφραση: Ευγενία Τσελέντη.  
260 |a Αθήνα :   |b Δαίδαλος,   |c 1995.  
300 |a 140 σ. ;   |c 17 εκ.  
490 1 |a (Τί ξέρω; =   |a Que sais-je? / Δαίδαλος ;   |v 157)  
500 |a Τίτλος πρωτοτύπου: L' art Grec. 
650 0 |a Art, Greek. 
651 0 |a Greece  |x Antiquities. 
700 1 |a Τσελέντη, Ευγενία,  |e trlf 
830 0 |a Τι ξέρω ;  |v 157 
852 |a INST  |b RHODES  |e 19990202  |h 709.38 MAF  |p 005400005569  |q 005400005569  |t BK  |y 0 
901 |a BIBL-1999-1 
970 |z 1999/02/02 
922 |a 4ΕΛΗ  |b 199806  |c ΚΠΣ/Ν  |d EMVASIS